[Event "AUTO-OPEN-1537"]
[Site "http://www.queenalice.com/game.php?id=581823"]
[Date "2009.5.3"]
[Round "1"]
[White "rodrigo_ba1976"]
[Black "alesciulli"]
[Result "0-1"]
[WhiteElo "1652"]
[BlackElo "1990"]

1. d4 d5 2. c4 e6 3. e3 Nf6 4. Nf3 c5 5. Nc3 Nc6 6. Bd3 Bd6 7. O-O O-O 8. Re1
Re8 9. Qc2 h6 10. cxd5 exd5 11. Bd2 Bg4 12. Be2 cxd4 13. Nxd4 Nxd4 14. exd4 Qc7
15. Bxg4 Nxg4 16. g3 Qb6 17. Qa4 Qc6 18. Qxc6 bxc6 19. f4 Nf6 20. a3 c5 21. Be3
c4 22. h3 Rab8 23. Re2 Bc7 24. Rae1 Ba5 25. Bc1 Rxe2 26. Rxe2 Bxc3 27. bxc3 Ne4
28. Rb2 Rxb2 29. Bxb2 Nxg3 30. Kf2 Ne4+ 31. Kf3 Nd6 32. Kg4 g6 33. a4 f5+ 34.
Kg3 Kf7 35. h4 Ne4+ 36. Kf3 Kf6 37. Kg2 g5 38. hxg5+ hxg5 39. fxg5+ Kxg5 40. Kf3
Nd6 41. Bc1+ Kf6 42. Kf4 a5 43. Ba3 Ne4 44. Bb2 Nf2 45. Ke3 Nd1+ 0-1

[Event "AUTO-OPEN-1537"]
[Site "http://www.queenalice.com/game.php?id=581842"]
[Date "2009.5.3"]
[Round "1"]
[White "rodrigo_ba1976"]
[Black "emanuelneto"]
[Result "0-1"]
[WhiteElo "1627"]
[BlackElo "1570"]

1. d4 Nf6 2. c4 d5 3. e3 dxc4 4. Bxc4 Be6 5. Bxe6 fxe6 6. Nf3 Nc6 7. Nc3 g6 8.
Qb3 Na5 9. Qxe6 Qd6 10. Qxd6 cxd6 11. O-O Bh6 12. Re1 O-O 13. b4 Nc4 14. Nd2 d5
15. Nxc4 dxc4 16. a4 a5 17. b5 g5 18. e4 Ng4 19. f3 Nf6 20. e5 Nh5 21. h4 Rf5
22. hxg5 Bxg5 23. Bxg5 Rxg5 24. Ne4 Rg6 25. Kf2 Rc8 26. g3 c3 27. Rac1 Rc4 28.
d5 c2 29. Re2 Rb6 30. Rexc2 Rxa4 31. Rb2 Rb4 32. Rxb4 axb4 33. Rc5 Kg7 0-1

[Event "AUTO-OPEN-1537"]
[Site "http://www.queenalice.com/game.php?id=581843"]
[Date "2009.5.3"]
[Round "1"]
[White "emanuelneto"]
[Black "rodrigo_ba1976"]
[Result "1-0"]
[WhiteElo "1588"]
[BlackElo "1609"]

1. e4 e6 2. d4 d5 3. exd5 exd5 4. Nc3 Nf6 5. Bg5 Bb4 6. Nf3 Bxc3+ 7. bxc3 Bg4 8.
h3 Be6 9. g3 h6 10. Bxf6 Qxf6 11. Ne5 Nd7 12. f4 Nxe5 13. fxe5 Qg5 14. Qd3 c6
15. h4 Qf5 16. Qxf5 Bxf5 17. Bd3 Bxd3 18. cxd3 O-O-O 19. O-O Rhf8 20. c4 dxc4
21. dxc4 Rxd4 22. e6 f6 23. e7 Re8 24. Rfe1 Rd7 25. Rad1 Rdxe7 26. Kf2 Rxe1 27.
Rxe1 Rxe1 28. Kxe1 Kd7 29. Ke2 Kd6 30. Kf3 Kc5 31. Kf4 g6 32. g4 Kd6 33. Ke4 b5
34. cxb5 1-0

[Event "AUTO-INT-1306"]
[Site "http://www.queenalice.com/game.php?id=587320"]
[Date "2009.5.12"]
[Round "1"]
[White "juliocesarbraga"]
[Black "rodrigo_ba1976"]
[Result "1-0"]
[WhiteElo "1518"]
[BlackElo "1575"]

1. e4 e6 2. d4 d5 3. exd5 exd5 4. Nc3 Bb4 5. Nf3 Bxc3+ 6. bxc3 Nf6 7. Bd3 O-O 8.
O-O Bg4 9. h3 Bxf3 10. Qxf3 Re8 11. Bg5 c6 12. Bxf6 Qxf6 13. Qxf6 gxf6 14. Rfe1
Nd7 15. Rxe8+ Rxe8 16. Rb1 b5 17. Ra1 1-0

[Event "AUTO-INT-1306"]
[Site "http://www.queenalice.com/game.php?id=587321"]
[Date "2009.5.12"]
[Round "1"]
[White "rodrigo_ba1976"]
[Black "juliocesarbraga"]
[Result "0-1"]
[WhiteElo "1557"]
[BlackElo "1536"]

1. d4 d5 2. c4 dxc4 3. e3 b5 4. a4 c6 5. axb5 cxb5 6. Qf3 Na6 7. Qxa8 e6 8. Nf3
Qc7 9. Rxa6 Bb4+ 10. Bd2 Bxd2+ 11. Nbxd2 Ne7 12. Qxa7 Qxa7 13. Rxa7 Nc6 14. Ra1
O-O 15. Be2 h6 0-1

[Event "AUTO-INT-1306"]
[Site "http://www.queenalice.com/game.php?id=587348"]
[Date "2009.5.12"]
[Round "1"]
[White "rodrigo_ba1976"]
[Black "kamikaze"]
[Result "0-1"]
[WhiteElo "1583"]
[BlackElo "1783"]

1. d4 d5 2. c4 c6 3. e3 a6 4. Nf3 Nf6 5. Nc3 Bg4 6. cxd5 cxd5 7. Bd3 e6 8. a3
Bd6 9. O-O O-O 10. Re1 Qc7 11. g3 Nc6 12. Be2 h6 13. Nd2 Bf5 14. Nf3 b5 15. b4
Ne7 16. Bb2 Rac8 0-1

[Event "AUTO-INT-1306"]
[Site "http://www.queenalice.com/game.php?id=587349"]
[Date "2009.5.12"]
[Round "1"]
[White "kamikaze"]
[Black "rodrigo_ba1976"]
[Result "1-0"]
[WhiteElo "1774"]
[BlackElo "1592"]

1. d4 d5 2. e3 e6 3. a3 Nf6 4. c4 c6 5. Nf3 Bd6 6. c5 Be7 7. Bd3 O-O 8. Nc3 Nbd7
9. O-O Qc7 10. h3 e5 11. Bc2 e4 12. Ne1 b6 13. b4 bxc5 14. bxc5 Ba6 15. Ne2 Bxe2
16. Qxe2 1-0

[Event "AUTO-OPEN-1551"]
[Site "http://www.queenalice.com/game.php?id=587776"]
[Date "2009.5.13"]
[Round "1"]
[White "zad2"]
[Black "rodrigo_ba1976"]
[Result "1-0"]
[WhiteElo "1646"]
[BlackElo "1698"]

1. e4 c5 2. Nf3 d6 3. Bb5+ Bd7 4. Qe2 a6 5. Bxd7+ Qxd7 6. Nc3 Nf6 7. O-O Nc6 8.
d3 g6 9. Bg5 Bg7 10. Qd2 O-O 11. Bh6 Qg4 12. Bxg7 Kxg7 13. h3 Qd7 14. Rfe1 e5
15. a3 b5 16. Nd5 Nxd5 17. exd5 1-0

[Event "AUTO-OPEN-1551"]
[Site "http://www.queenalice.com/game.php?id=587777"]
[Date "2009.5.13"]
[Round "1"]
[White "rodrigo_ba1976"]
[Black "zad2"]
[Result "0-1"]
[WhiteElo "1718"]
[BlackElo "1626"]

1. d4 Nf6 2. c4 e6 3. Nf3 Bb4+ 4. Bd2 Bxd2+ 5. Nbxd2 b6 6. e3 O-O 7. Bd3 Na6 8.
O-O Bb7 9. a3 c5 10. Re1 Qc7 11. Qc2 Ng4 12. Bxh7+ Kh8 13. Bd3 f5 14. e4 fxe4
15. Bxe4 Bxe4 16. Qxe4 Nf6 0-1

[Event "AUTO-ADV-1329"]
[Site "http://www.queenalice.com/game.php?id=588575"]
[Date "2009.5.15"]
[Round "1"]
[White "Rafale2000"]
[Black "rodrigo_ba1976"]
[Result "1-0"]
[WhiteElo "2003"]
[BlackElo "1680"]

1. f4 d5 2. Nf3 Nf6 3. g3 e6 4. Bg2 Bd6 5. O-O O-O 6. b3 c5 7. Bb2 Nc6 8. e3 b6
9. d3 Bb7 10. Nbd2 Re8 11. e4 dxe4 12. dxe4 Be7 13. Re1 Qc7 14. Qe2 Rad8 15.
Rad1 Nb4 16. Be5 Qc8 17. Nc4 Nxa2 18. c3 Nxc3 19. Bxc3 Bxe4 20. Rxd8 Rxd8 21.
Bxf6 Bxf3 22. Qxf3 Bxf6 23. Rd1 Rxd1+ 24. Qxd1 Bd4+ 25. Kf1 g6 26. b4 Qa6 27.
Qb3 1-0

[Event "AUTO-ADV-1329"]
[Site "http://www.queenalice.com/game.php?id=588576"]
[Date "2009.5.15"]
[Round "1"]
[White "rodrigo_ba1976"]
[Black "Rafale2000"]
[Result "0-1"]
[WhiteElo "1677"]
[BlackElo "2006"]

1. d4 f5 2. e3 c5 3. Nf3 cxd4 4. Nxd4 g6 5. Bc4 Nf6 6. Nc3 Bg7 7. b3 d5 8. Bb5+
Kf7 9. Bb2 a6 10. Be2 Re8 11. Nf3 Nc6 12. Nb1 e5 13. Nbd2 e4 14. Nd4 Bd7 15.
Nxc6 Bxc6 16. Bxf6 Qxf6 17. O-O Qxa1 18. Qxa1 Bxa1 19. Rxa1 g5 20. Bh5+ Kf6 21.
Bxe8 Bxe8 22. g3 Rc8 23. Rc1 h5 24. c4 dxc4 25. Rxc4 Rd8 26. Rc2 Rd6 27. Nc4 Rc6
0-1

[Event "AUTO-ADV-1329"]
[Site "http://www.queenalice.com/game.php?id=588591"]
[Date "2009.5.15"]
[Round "1"]
[White "rodrigo_ba1976"]
[Black "chunyi2012"]
[Result "0-1"]
[WhiteElo "1538"]
[BlackElo "1991"]

1. d4 d5 2. c4 c6 3. e3 dxc4 4. Bxc4 Nf6 5. Nf3 e6 6. a3 Bd6 7. Nc3 O-O 8. O-O
b5 9. Bd3 Re8 10. Re1 e5 11. dxe5 Bxe5 12. Nxe5 Rxe5 13. Bxh7+ Kf8 14. Qxd8+ Re8
15. Qd3 Be6 16. Bf5 Bc4 17. Qc2 Na6 0-1

[Event "AUTO-ADV-1329"]
[Site "http://www.queenalice.com/game.php?id=588592"]
[Date "2009.5.15"]
[Round "1"]
[White "chunyi2012"]
[Black "rodrigo_ba1976"]
[Result "1-0"]
[WhiteElo "1989"]
[BlackElo "1540"]

1. e4 e6 2. Nf3 d5 3. e5 c5 4. d4 Nc6 5. c3 cxd4 6. cxd4 Bb4+ 7. Bd2 Bxd2+ 8.
Qxd2 Nge7 9. Nc3 O-O 10. Bd3 Qb6 11. Be2 Nf5 12. Rd1 a6 13. O-O Qa5 14. Qf4 b5
15. a3 b4 16. axb4 Qxb4 17. Rd2 1-0

[Event "AUTO-ADV-1329"]
[Site "http://www.queenalice.com/game.php?id=588593"]
[Date "2009.5.15"]
[Round "1"]
[White "rodrigo_ba1976"]
[Black "GMNeny"]
[Result "0-1"]
[WhiteElo "1669"]
[BlackElo "1957"]

1. d4 Nf6 2. c4 g6 3. Nf3 Bg7 4. Nc3 d5 5. cxd5 Nxd5 6. Nxd5 Qxd5 7. e3 Bg4 8.
Be2 Nc6 9. O-O O-O 10. b3 Rad8 11. Bb2 Rfe8 12. Nd2 Bxe2 13. Qxe2 e5 14. Qf3
exd4 15. Qxd5 Rxd5 16. exd4 Re2 17. Rad1 Nxd4 18. Nc4 b5 19. Bxd4 bxc4 20. Bxg7
Rxd1 21. Rxd1 Kxg7 22. bxc4 Rxa2 23. Rc1 a5 24. g3 a4 25. c5 a3 26. Kg2 Rb2 27.
Ra1 a2 0-1

[Event "AUTO-ADV-1329"]
[Site "http://www.queenalice.com/game.php?id=588594"]
[Date "2009.5.15"]
[Round "1"]
[White "GMNeny"]
[Black "rodrigo_ba1976"]
[Result "1-0"]
[WhiteElo "1952"]
[BlackElo "1674"]

1. e4 c5 2. Nf3 d6 3. d4 cxd4 4. Nxd4 Nf6 5. Nc3 Nc6 6. Bg5 e5 7. Nf5 Bxf5 8.
exf5 Be7 9. Bc4 O-O 10. Qd2 Nd4 11. h4 Nxf5 12. h5 h6 13. Bxf6 Bxf6 14. Nd5 Nd4
15. c3 Nc6 16. Qc2 Bg5 17. Rh3 Ne7 18. Rg3 Nxd5 19. Bxd5 Qd7 20. Qg6 Kh8 21. Qe4
f5 22. Qb4 Rab8 23. Qb3 f4 24. Rh3 b6 25. Qc2 Rbc8 26. f3 b5 27. Qg6 Rf6 28. Qe4
Qf5 29. Qxf5 Rxf5 30. Be6 Rff8 31. Bxc8 Rxc8 32. O-O-O 1-0